[Event "Hvar Arsenal blitz op 2nd"]
[Site "Hvar"]
[Date "2023.10.19"]
[Round "10"]
[White "Ramaj, Ergit"]
[Black "Bedekovic, Jakov"]
[Result "1-0"]
[WhiteElo "2024"]
[BlackElo "1648"]
[PlyCount "47"]
[EventDate "2023.10.19"]
[EventType "swiss (blitz)"]
[EventRounds "11"]
[EventCountry "CRO"]
[SourceTitle "Mega2024 Update 01"]
[Source "Chessbase"]
[SourceDate "2023.11.12"]
[SourceVersion "1"]
[SourceVersionDate "2023.11.12"]
[SourceQuality "1"]

1. d4 f5 2. c4 g6 3. Nc3 Bg7 4. Nf3 Nf6 5. g3 0-0 6. Bg2 d6 7. 0-0 c6 8. Qc2 Qe8 9. e4 e5 10. dxe5 dxe5 11. Be3 Ng4 12. Bc5 Rf7 13. Ng5 Rd7 14. exf5 b6 15. Be3 Nxe3 16. fxe3 h6 17. Ne6 gxf5 18. Nxg7 Kxg7 19. Qxf5 Rf7 20. Qh5 Nd7 21. Qg4+ Kh7 22. Rxf7+ Qxf7 23. Rf1 Qxc4 24. Qxc4 1-0

[Event "CRO Topla Voda Cup"]
[Site "Tuhovec"]
[Date "2022.08.06"]
[Round "5.4"]
[White "Stankovic, Andrej"]
[Black "Bedekovic, Jakov"]
[Result "1-0"]
[WhiteElo "2057"]
[BlackElo "1341"]
[PlyCount "54"]
[EventDate "2022.08.06"]
[EventType "team-tourn (blitz)"]
[EventRounds "11"]
[EventCountry "CRO"]
[SourceTitle "CBM 209 Extra"]
[Source "ChessBase"]
[SourceDate "2022.09.30"]
[SourceVersion "1"]
[SourceVersionDate "2022.09.30"]
[SourceQuality "1"]
[WhiteTeam "Novi Zagreb"]
[BlackTeam "Var Toplice Mladost"]
[WhiteTeamCountry "CRO"]
[BlackTeamCountry "CRO"]

1. e4 e5 2. Nc3 Nc6 3. f4 Nf6 4. Nf3 exf4 5. d4 d5 6. e5 Ne4 7. Bxf4 Bg4 8. Be2 Bxf3 9. Bxf3 Qh4+ 10. g3 Nxc3 11. bxc3 Qd8 12. Qe2 Be7 13. Qb5 Qc8 14. Bxd5 0-0 15. 0-0 a6 16. Qd3 Nd8 17. Rab1 c6 18. Be4 g6 19. Bh6 Re8 20. Qf3 Qe6 21. a4 g5 22. Qh5 c5 23. Bxg5 Bxg5 24. Qxg5+ Kf8 25. Bxh7 cxd4 26. cxd4 Nc6 27. Rxb7 Ne7 1-0